Исследование по применению природного материала тремолита в качестве сорбента; Минеральное сырье и нефтехимия

Dades bibliogràfiques
Parent link:Минеральное сырье и нефтехимия.— 1979.— С. 44-49
Altres autors: Верещагин В. И. Владимир Иванович, Коновалова З. С., Нахалов В. В., Стась Н. Ф. Николай Фёдорович
Idioma:rus
Publicat: 1979
Matèries:
Format: MixedMaterials Capítol de llibre
KOHA link:https://koha.lib.tpu.ru/cgi-bin/koha/opac-detail.pl?biblionumber=152197

MARC

LEADER 00000naa2a2200000 4500
001 152197
005 20240207092041.0
035 |a (RuTPU)RU\TPU\book\165022 
035 |a RU\TPU\tpu\14238 
090 |a 152197 
100 |a 20090129d1979 k y0rusy50 ca 
101 0 |a rus 
102 |a RU 
200 1 |a Исследование по применению природного материала тремолита в качестве сорбента  |f В. И. Верещагин [и др.] 
463 0 |0 (RuTPU)RU\TPU\book\91469  |t Минеральное сырье и нефтехимия  |o межвузовский научно-технический сборник  |f Томский политехнический институт ; под ред. С. И. Смольянинова  |v С. 44-49  |d 1979  |p 187 с. 
610 1 |a труды учёных ТПУ 
701 1 |a Верещагин  |b В. И.  |c химик-технолог  |c профессор Томского политехнического университета, доктор технических наук  |f 1942-  |g Владимир Иванович  |3 (RuTPU)RU\TPU\pers\19774  |9 7712 
701 1 |a Коновалова  |b З. С. 
701 1 |a Нахалов  |b В. В. 
701 1 |a Стась  |b Н. Ф.  |c химик  |c доцент Томского политехнического университета, кандидат химических наук  |f 1939-  |g Николай Фёдорович  |3 (RuTPU)RU\TPU\pers\25192 
801 1 |a RU  |b 63413507  |c 20080429  |g PSBO 
801 2 |a RU  |b 63413507  |c 20171107  |g PSBO 
942 |c BK